|
|
|
|
| LEADER |
00000nam a2200000 a 4500 |
| 001 |
vtls001121391 |
| 003 |
SK-MaSNL |
| 005 |
20260413122114.0 |
| 008 |
250414s1987 xo 0 slo |
| 015 |
|
|
|a SNBA1988/07
|
| 035 |
|
|
|a SNK000064234
|
| 040 |
|
|
|a SNK
|b slo
|c SNK
|e AACR2
|
| 041 |
0 |
|
|a slo
|
| 044 |
|
|
|a xo
|c SK
|
| 080 |
|
|
|a 69.024(075.8)
|2 1981
|
| 100 |
1 |
|
|a Držka, Milan
|4 aut
|9 8680
|
| 245 |
1 |
0 |
|a Ateliérová tvorba 1,2
|b Dokončovací cyklus konštrukcií zastrešenia
|c Milan Držka, Anna Grandtnerová
|
| 250 |
|
|
|a 1. vyd.
|
| 260 |
|
|
|a Bratislava
|b Slovenská vysoká škola technická
|c 1987
|e Bratislava
|f Edičné stredisko SVŠT
|
| 300 |
|
|
|a 163 s., 16,714 AH
|b Tb. Sch.
|c 20x29 cm
|
| 366 |
|
|
|e 550 výtl.
|
| 500 |
|
|
|a Lit. 11. Schválilo MŠ SSR ako skriptá. Rozmn. 11 zázn. v slov., češ. a maď.
|
| 700 |
1 |
|
|a Grandtnerová, Anna
|4 aut
|9 10167
|
| 852 |
|
|
|a Slovenská národná knižnica
|
| 958 |
|
|
|a OND
|
| 958 |
|
|
|a NB
|
| 958 |
|
|
|a RM
|
| 958 |
|
|
|a UV
|
| 999 |
|
|
|c 786757
|d 788687
|
| 952 |
|
|
|t P60, <04>, [BOOK], {604}
|a SNK
|b SNK
|y VYP
|7 0
|p 17A0137023
|o snkSD 60012/1,2 D1
|0 0
|1 0
|4 0
|d 1998-04-30
|l 0
|r 2004-12-31 00:00:00
|w 2026-02-24
|